| 000 | 01000nam a2200193 a 4500 | ||
|---|---|---|---|
| 008 | 160426s2013 ||||||||||||||||| || u | ||
| 020 | _a9781848315990 | ||
| 050 | _aQ 180.4 Fly | ||
| 100 | _aFlynn, Simon | ||
| 245 | 1 | 4 |
_aThe science magpie: fascinating facts,stories,poems,diagrams and jokes plucked from science _cBy Simon Flynn |
| 260 |
_aUK _bIcon Books _c2013 |
||
| 300 | _aix, 278.: ill. | ||
| 350 | _a15.95 | ||
| 650 | _aSCIENCE--ANECDOTES | ||
| 650 | _aSCIENCE--STORIES | ||
| 995 |
_aMEDICAL LIBRARY OPEN ACCESS _e746904 _FCBU-SCHOOL OF MEDICINE LIBRARY (Ndola) _I15.95 _jQ 180.4 Fly _M3 _UAVAILABLE _WSep 23, 2016 _y746904 _ZMedical Library Open Access Collection |
||
| 995 |
_aMAIN LIBRARY OPEN ACCESS _e746448 _FCBU-MAIN LIBRARY (Kitwe) _I15.95 _jQ 180.4 Fly _M1 _UAVAILABLE _WJul 7, 2016 _y746448 _ZMain Library Open Access Collection |
||
| 995 |
_aMAIN LIBRARY OPEN ACCESS _e746449 _FCBU-MAIN LIBRARY (Kitwe) _I15.95 _jQ 180.4 Fly _M2 _UAVAILABLE _WJul 7, 2016 _y746449 _ZMain Library Open Access Collection |
||
| 999 |
_c80355 _d80355 |
||